Statistics for The quick brown fox jumped over the lazy dog

Click here to take the quiz!

General Stats

  • This quiz has been taken 183 times
  • The average score is 8 of 9

Answer Stats

WordAnswer% Correct
TheThe
100%
QuickQuick
96%
BrownBrown
95%
FoxFox
94%
JumpedJumped
90%
OverOver
89%
TheThe
85%
LazyLazy
81%
DogDog
75%

Score Distribution

Percentile by Number Answered

Percent of People with Each Score

Your Score History

You have not taken this quiz